000 01083nam a2200181Ia 4500
008 151202s9999||||xx |||||||||||||| ||und||
082 _bPNVM-91145
100 _aगवाइन शक्ति/अनु-ठक्कर पुष्पा
245 _aसीक्रेट सबकॉन्शस माइंडचे-सबकॉन्शस माइंड जागृत करून हवे ते मिळवा
260 _bसाकेत
260 _c2015
300 _a184
600 _aगवाइन शक्ति/अनु-ठक्कर पुष्पा
630 _aसीक्रेट सबकॉन्शस माइंडचे-सबकॉन्शस माइंड जागृत करून हवे ते मिळवा
700 _aगवाइन शक्ति/अनु-ठक्कर पुष्पा
730 _aसीक्रेट सबकॉन्शस माइंडचे-सबकॉन्शस माइंड जागृत करून हवे ते मिळवा
942 _cBOOK
999 _c1350829
_d1350826